000 00673nam a2200193Ii 4500
003 JO-AjNU
008 230605s9999||||xx |||||||||||||| ||und||
040 _aJO-AjNU
_bara
_erda
_cJO-AjNU
041 _aara
050 1 4 _aAC106.Z342
100 3 _aالزيات،احمد حسن ،الهنداوي،خليل ،الدقاق،عمر,
_eauthor
_910682
245 0 0 _aالمقتبس من وحي الرسالة :دراسة ومختارات
264 3 1 _aبيروت:دار الشرق العربي،د.ت
300 _a190ص
336 _atext
_btxt
_2rdacontent
337 _aunmediated
_bn
_2rdamedia
338 _avolume
_bnc
_2rdacarrier
650 4 _aمقالات عامة
_910683
999 _aA1931
_c5499
_d5499